00000000nam##2200000za#4500
0019.615114
003CaOODSP
00520241203113634
007ta
008150406|2000||||xxc|||||     f|0| 0 eng|d
020 |a0-662-28654-5
040 |aCaOODSP|beng
043 |an-cn---
0861 |aEn40-215/50E
1101 |aCanada. |bEnvironment Canada.
24510|aAcetaldehyde
2461 |iAt head of title : |aCanadian Environmental Protection Act, 1999
260 |aOttawa - Ontario : |bEnvironment Canada |c2000.
300 |avi, 62p. : |bgraphs, references, tables ; |c28 cm.
4901 |aPriority substances list assessment report
500 |a"Acetaldehyde enters the Canadian environment from natural sources (including forest and brush fires), from human sources such as fuel combustion and industrial on-site releases, and through secondary formation as a result of the atmospheric oxidation of natural and anthropogenic organic compounds. Although there are no quantitative estimates of releases from natural and secondary sources in Canada, it is believed that these sources are very large."--Synopsis.
5203 |aAcetaldehyde enters the Canadian environment from natural sources (including forest and brush fires), from human sources such as fuel combustion and industrial on-site releases, and through secondary formation as a result of the atmospheric oxidation of natural and anthropogenic organic compounds. Although there are no quantitative estimates of releases from natural and secondary sources in Canada, it is believed that these sources are very large.--Synopsis
563 |aSpiral binding
590 |a00-25|b2000-06-23
69007|aToxic substances|2gcpds
69007|aToxicology|2gcpds
69007|aEnvironmental impact assessment|2gcpds
7760#|tAcetaldehyde / |w(CaOODSP)9.557444
830#0|aPriority substances list assessment report.|w(CaOODSP)9.514568